[Event "DEM U16w 2023"]
[Site "Willingen GER"]
[Date "2023.05.29"]
[Round "3"]
[White "Jacobasch, Ronja"]
[Black "Heuberger, Sandra"]
[Result "1-0"]
[Termination "normal"]
[Board "13"]
[WhiteElo "1595"]
[BlackElo "1196"]
[WhiteClock "00:11:10"]
[BlackClock "00:23:40"]
[PlyCount "173"]
[WhiteFideId "34604340"]
[BlackFideId "16232151"]
[EventCountry "GER"]
[EventRounds "9"]
[EventType "swiss"]
[EventDate "2023.05.27"]

1. c4 {[%clk 01:30:59]} {[%emt 00:00:03]} Nf6 {[%clk 01:30:28]} {[%emt
00:00:47]} 2. Nc3 {[%clk 01:30:40]} {[%emt 00:00:39]} e5 {[%clk 01:30:08]}
{[%emt 00:00:38]} 3. g3 {[%clk 01:30:22]} {[%emt 00:00:47]} Be7 {[%clk
01:29:57]} {[%emt 00:00:41]} 4. Bg2 {[%clk 01:30:13]} {[%emt 00:00:39]} O-O
{[%clk 01:29:57]} {[%emt 00:00:30]} 5. Nf3 {[%clk 01:29:12]} {[%emt 00:01:31]}
Nc6 {[%clk 01:29:24]} {[%emt 00:01:03]} 6. O-O {[%clk 01:28:39]} {[%emt
00:01:03]} d6 {[%clk 01:28:08]} {[%emt 00:01:46]} 7. d4 {[%clk 01:24:57]}
{[%emt 00:04:13]} Bg4 {[%clk 01:21:24]} {[%emt 00:07:13]} 8. d5 {[%clk
01:16:47]} {[%emt 00:08:39]} Nb4 {[%clk 01:19:38]} {[%emt 00:02:17]} 9. a3
{[%clk 01:13:13]} {[%emt 00:04:05]} Na6 {[%clk 01:19:43]} {[%emt 00:00:24]} 10.
h3 {[%clk 01:09:15]} {[%emt 00:04:28]} Bd7 {[%clk 01:18:05]} {[%emt 00:02:09]}
11. Bd2 {[%clk 00:57:36]} {[%emt 00:12:09]} c6 {[%clk 01:16:20]} {[%emt
00:02:15]} 12. Rc1 {[%clk 00:52:35]} {[%emt 00:05:30]} Nc7 {[%clk 01:14:46]}
{[%emt 00:02:04]} 13. dxc6 {[%clk 00:46:49]} {[%emt 00:06:17]} Bxc6 {[%clk
01:13:04]} {[%emt 00:02:11]} 14. Bg5 {[%clk 00:45:55]} {[%emt 00:01:23]} Ne6
{[%clk 01:10:27]} {[%emt 00:03:08]} 15. Bxf6 {[%clk 00:45:19]} {[%emt
00:01:05]} Bxf6 {[%clk 01:10:32]} {[%emt 00:00:25]} 16. Rc2 {[%clk 00:41:17]}
{[%emt 00:04:32]} Nc7 {[%clk 01:01:50]} {[%emt 00:09:13]} 17. Rd2 {[%clk
00:39:22]} {[%emt 00:02:25]} Qe7 {[%clk 00:52:34]} {[%emt 00:09:46]} 18. e4
{[%clk 00:34:09]} {[%emt 00:05:43]} Rad8 {[%clk 00:51:13]} {[%emt 00:01:51]}
19. Re1 {[%clk 00:31:49]} {[%emt 00:02:51]} Rd7 {[%clk 00:50:12]} {[%emt
00:01:29]} 20. Re3 {[%clk 00:31:01]} {[%emt 00:01:19]} Rfd8 {[%clk 00:49:05]}
{[%emt 00:01:37]} 21. h4 {[%clk 00:28:38]} {[%emt 00:02:54]} Ne6 {[%clk
00:46:40]} {[%emt 00:02:55]} 22. b4 {[%clk 00:26:44]} {[%emt 00:02:26]} b6
{[%clk 00:46:16]} {[%emt 00:00:52]} 23. Red3 {[%clk 00:26:43]} {[%emt
00:00:31]} Kh8 {[%clk 00:45:09]} {[%emt 00:01:37]} 24. Bh3 {[%clk 00:25:49]}
{[%emt 00:01:24]} h6 {[%clk 00:44:15]} {[%emt 00:01:24]} 25. Nh2 {[%clk
00:23:42]} {[%emt 00:02:37]} Qf8 {[%clk 00:42:20]} {[%emt 00:02:23]} 26. c5
{[%clk 00:18:41]} {[%emt 00:05:32]} bxc5 {[%clk 00:37:33]} {[%emt 00:05:18]}
27. bxc5 {[%clk 00:18:11]} {[%emt 00:01:00]} Be7 {[%clk 00:36:48]} {[%emt
00:01:15]} 28. Nf3 {[%clk 00:17:24]} {[%emt 00:01:16]} Rb8 {[%clk 00:32:44]}
{[%emt 00:04:34]} 29. cxd6 {[%clk 00:16:49]} {[%emt 00:01:05]} Bf6 {[%clk
00:32:15]} {[%emt 00:00:58]} 30. a4 {[%clk 00:14:30]} {[%emt 00:02:51]} Rdb7
{[%clk 00:29:57]} {[%emt 00:02:48]} 31. Bxe6 {[%clk 00:10:31]} {[%emt
00:04:30]} fxe6 {[%clk 00:30:04]} {[%emt 00:00:23]} 32. Re2 {[%clk 00:10:33]}
{[%emt 00:00:27]} Rd7 {[%clk 00:29:25]} {[%emt 00:01:10]} 33. Nb5 {[%clk
00:10:12]} {[%emt 00:00:51]} Bxb5 {[%clk 00:28:12]} {[%emt 00:01:43]} 34. axb5
{[%clk 00:10:34]} {[%emt 00:00:07]} Rxb5 {[%clk 00:28:25]} {[%emt 00:00:17]}
35. Kg2 {[%clk 00:08:22]} {[%emt 00:02:42]} Rb6 {[%clk 00:27:53]} {[%emt
00:01:03]} 36. Red2 {[%clk 00:08:11]} {[%emt 00:00:41]} Qe8 {[%clk 00:26:46]}
{[%emt 00:01:35]} 37. Qa4 {[%clk 00:07:50]} {[%emt 00:00:53]} Qf7 {[%clk
00:25:43]} {[%emt 00:01:32]} 38. Qa3 {[%clk 00:07:22]} {[%emt 00:00:58]} Qg6
{[%clk 00:24:50]} {[%emt 00:01:22]} 39. Qa4 {[%clk 00:07:19]} {[%emt 00:00:35]}
Qf7 {[%clk 00:24:44]} {[%emt 00:00:36]} 40. Qa5 {[%clk 00:02:43]} {[%emt
00:05:05]} Qh5 {[%clk 00:21:38]} {[%emt 00:03:36]} 41. Qc5 {[%clk 00:00:33]}
{[%emt 00:02:40]} Rb8 {[%clk 00:16:11]} {[%emt 00:05:49]} 42. Ra2 {[%clk
00:26:28]} {[%emt 00:04:44]} Rbb7 {[%clk 00:44:26]} {[%emt 00:02:15]} 43. Rda3
{[%clk 00:24:27]} {[%emt 00:02:31]} Rb6 {[%clk 00:43:36]} {[%emt 00:01:19]} 44.
Qc8+ {[%clk 00:21:57]} {[%emt 00:03:01]} Rd8 {[%clk 00:43:04]} {[%emt
00:01:01]} 45. d7 {[%clk 00:20:07]} {[%emt 00:02:22]} Rb8 {[%clk 00:41:27]}
{[%emt 00:02:06]} 46. Qc6 {[%clk 00:19:02]} {[%emt 00:01:34]} Qf7 {[%clk
00:36:27]} {[%emt 00:05:31]} 47. Rxa7 {[%clk 00:18:40]} {[%emt 00:00:52]} Kh7
{[%clk 00:33:53]} {[%emt 00:03:05]} 48. Rc7 {[%clk 00:18:12]} {[%emt 00:00:58]}
Rb3 {[%clk 00:32:48]} {[%emt 00:01:35]} 49. Qc4 {[%clk 00:13:17]} {[%emt
00:05:25]} Rb6 {[%clk 00:30:13]} {[%emt 00:03:05]} 50. Rd2 {[%clk 00:12:56]}
{[%emt 00:00:51]} Kg6 {[%clk 00:27:26]} {[%emt 00:03:18]} 51. Qc5 {[%clk
00:12:22]} {[%emt 00:01:02]} Rb3 {[%clk 00:24:58]} {[%emt 00:02:58]} 52. Nxe5+
{[%clk 00:10:28]} {[%emt 00:02:25]} Bxe5 {[%clk 00:25:03]} {[%emt 00:00:25]}
53. Qxe5 {[%clk 00:10:46]} {[%emt 00:00:12]} Qf3+ {[%clk 00:24:50]} {[%emt
00:00:42]} 54. Kh2 {[%clk 00:08:46]} {[%emt 00:02:31]} Kf7 {[%clk 00:20:09]}
{[%emt 00:05:11]} 55. Rc8 {[%clk 00:07:26]} {[%emt 00:01:51]} Rb1 {[%clk
00:17:44]} {[%emt 00:02:53]} 56. Qf4+ {[%clk 00:07:45]} {[%emt 00:00:11]} Qxf4
{[%clk 00:18:01]} {[%emt 00:00:14]} 57. gxf4 {[%clk 00:08:01]} {[%emt
00:00:13]} Ke7 {[%clk 00:18:14]} {[%emt 00:00:17]} 58. Rxd8 {[%clk 00:06:55]}
{[%emt 00:01:37]} Kxd8 {[%clk 00:18:36]} {[%emt 00:00:09]} 59. Kg3 {[%clk
00:06:22]} {[%emt 00:01:02]} h5 {[%clk 00:18:44]} {[%emt 00:00:22]} 60. f3
{[%clk 00:04:19]} {[%emt 00:02:34]} Rb4 {[%clk 00:18:19]} {[%emt 00:00:53]} 61.
Rd6 {[%clk 00:04:21]} {[%emt 00:00:27]} Rc4 {[%clk 00:18:15]} {[%emt 00:00:35]}
62. Rxe6 {[%clk 00:04:09]} {[%emt 00:00:43]} Kxd7 {[%clk 00:18:32]} {[%emt
00:00:13]} 63. Rg6 {[%clk 00:04:08]} {[%emt 00:00:31]} Ke7 {[%clk 00:16:30]}
{[%emt 00:02:30]} 64. Rxg7+ {[%clk 00:04:14]} {[%emt 00:00:25]} Kf6 {[%clk
00:16:47]} {[%emt 00:00:13]} 65. Rg5 {[%clk 00:04:16]} {[%emt 00:00:27]} Rc7
{[%clk 00:16:07]} {[%emt 00:01:10]} 66. Rxh5 {[%clk 00:04:19]} {[%emt
00:00:28]} Rf7 {[%clk 00:16:19]} {[%emt 00:00:18]} 67. Rf5+ {[%clk 00:04:31]}
{[%emt 00:00:19]} Kg6 {[%clk 00:16:35]} {[%emt 00:00:14]} 68. Rxf7 {[%clk
00:04:54]} {[%emt 00:00:07]} Kxf7 {[%clk 00:16:57]} {[%emt 00:00:08]} 69. f5
{[%clk 00:05:16]} {[%emt 00:00:08]} Kf6 {[%clk 00:17:15]} {[%emt 00:00:12]} 70.
Kf4 {[%clk 00:05:41]} {[%emt 00:00:05]} Kg7 {[%clk 00:17:37]} {[%emt 00:00:07]}
71. e5 {[%clk 00:06:06]} {[%emt 00:00:06]} Kf7 {[%clk 00:17:55]} {[%emt
00:00:12]} 72. Kg5 {[%clk 00:06:29]} {[%emt 00:00:06]} Kg7 {[%clk 00:18:03]}
{[%emt 00:00:23]} 73. f6+ {[%clk 00:06:54]} {[%emt 00:00:05]} Kf7 {[%clk
00:18:28]} {[%emt 00:00:04]} 74. e6+ {[%clk 00:07:14]} {[%emt 00:00:10]} Kxe6
{[%clk 00:18:55]} {[%emt 00:00:03]} 75. Kg6 {[%clk 00:07:38]} {[%emt 00:00:06]}
Ke5 {[%clk 00:19:21]} {[%emt 00:00:04]} 76. f7 {[%clk 00:08:03]} {[%emt
00:00:05]} Kd4 {[%clk 00:19:45]} {[%emt 00:00:07]} 77. f8=Q {[%clk 00:08:26]}
{[%emt 00:00:06]} Kd3 {[%emt 00:00:15]} 78. Qe7 {[%clk 00:08:45]} {[%emt
00:00:02]} Kd2 {[%clk 00:20:35]} {[%emt 00:00:06]} 79. Qa3 {[%clk 00:08:58]}
{[%emt 00:00:16]} Kc2 {[%clk 00:21:01]} {[%emt 00:00:05]} 80. Kf5 {[%clk
00:09:19]} {[%emt 00:00:07]} Kb1 {[%clk 00:21:21]} {[%emt 00:00:11]} 81. Ke4
{[%clk 00:09:37]} {[%emt 00:00:11]} Kc2 {[%clk 00:21:46]} {[%emt 00:00:07]} 82.
Qe3 {[%clk 00:09:38]} {[%emt 00:00:29]} Kb2 {[%clk 00:22:09]} {[%emt 00:00:07]}
83. Kd4 {[%clk 00:10:03]} {[%emt 00:00:05]} Kc2 {[%clk 00:22:32]} {[%emt
00:00:07]} 84. Qc3+ {[%clk 00:10:23]} {[%emt 00:00:09]} Kb1 {[%clk 00:22:52]}
{[%emt 00:00:09]} 85. Qd2 {[%clk 00:10:44]} {[%emt 00:00:10]} Ka1 {[%clk
00:23:15]} {[%emt 00:00:09]} 86. Kc3 {[%clk 00:11:10]} {[%emt 00:00:03]} Kb1
{[%clk 00:23:40]} {[%emt 00:00:05]} 87. Qb2# {[%emt 00:00:02]} 1-0

[Event "DEM U16w 2023"]
[Site "Willingen GER"]
[Date "2023.05.30"]
[Round "4"]
[White "Bräutigam, Katerina"]
[Black "Hubert, Charlotte"]
[Result "0-1"]
[Termination "normal"]
[Board "2"]
[WhiteElo "1956"]
[BlackElo "1842"]
[WhiteClock "00:00:34"]
[BlackClock "00:09:19"]
[PlyCount "66"]
[WhiteFideId "16242980"]
[BlackFideId "16265920"]
[EventCountry "GER"]
[EventRounds "9"]
[EventType "swiss"]
[EventDate "2023.05.27"]

1. e4 {[%clk 01:30:59]} c5 {[%clk 01:30:54]} {[%emt 00:00:07]} 2. Nc3 {[%clk
01:31:25]} {[%emt 00:00:04]} d6 {[%clk 01:31:17]} {[%emt 00:00:06]} 3. g3
{[%clk 01:31:49]} {[%emt 00:00:06]} Nc6 {[%clk 01:31:34]} {[%emt 00:00:13]} 4.
Bg2 {[%clk 01:32:13]} {[%emt 00:00:06]} g6 {[%clk 01:31:52]} {[%emt 00:00:12]}
5. d3 {[%clk 01:32:37]} {[%emt 00:00:06]} Bg7 {[%clk 01:32:18]} {[%emt
00:00:04]} 6. f4 {[%clk 01:32:59]} {[%emt 00:00:08]} e6 {[%clk 01:32:42]}
{[%emt 00:00:07]} 7. Nf3 {[%clk 01:33:23]} {[%emt 00:00:05]} Nge7 {[%clk
01:33:06]} {[%emt 00:00:05]} 8. O-O {[%clk 01:33:44]} {[%emt 00:00:09]} O-O
{[%clk 01:33:30]} {[%emt 00:00:06]} 9. Be3 {[%clk 01:34:07]} {[%emt 00:00:06]}
Rb8 {[%clk 01:33:57]} {[%emt 00:00:04]} 10. a4 {[%clk 01:34:21]} {[%emt
00:00:17]} a6 {[%clk 01:24:10]} {[%emt 00:10:17]} 11. d4 {[%clk 01:34:30]}
{[%emt 00:00:20]} d5 {[%clk 01:15:35]} {[%emt 00:09:06]} 12. exd5 {[%clk
01:20:43]} {[%emt 00:14:16]} exd5 {[%clk 01:15:30]} {[%emt 00:00:35]} 13. Bf2
{[%clk 01:19:12]} {[%emt 00:02:02]} Qb6 {[%clk 00:43:37]} {[%emt 00:32:22]} 14.
Rb1 {[%clk 01:10:16]} {[%emt 00:09:26]} cxd4 {[%clk 00:38:01]} {[%emt
00:06:07]} 15. Ne2 {[%clk 01:06:12]} {[%emt 00:04:33]} Nf5 {[%clk 00:36:25]}
{[%emt 00:02:06]} 16. c3 {[%clk 01:02:46]} {[%emt 00:03:56]} Ne3 {[%clk
00:33:14]} {[%emt 00:03:41]} 17. Bxe3 {[%clk 00:59:54]} {[%emt 00:03:21]} dxe3
{[%clk 00:33:39]} {[%emt 00:00:06]} 18. Nfd4 {[%clk 00:41:38]} {[%emt
00:18:46]} Nxd4 {[%clk 00:28:47]} {[%emt 00:05:22]} 19. Nxd4 {[%clk 00:30:45]}
{[%emt 00:11:22]} Bf5 {[%clk 00:27:04]} {[%emt 00:02:13]} 20. a5 {[%clk
00:28:19]} {[%emt 00:02:56]} Qc5 {[%clk 00:21:52]} {[%emt 00:05:43]} 21. Rc1
{[%clk 00:22:28]} {[%emt 00:06:21]} Rfe8 {[%clk 00:16:56]} {[%emt 00:05:25]}
22. Re1 {[%clk 00:12:31]} {[%emt 00:10:26]} Rbc8 {[%clk 00:13:56]} {[%emt
00:03:30]} 23. b4 {[%clk 00:07:46]} {[%emt 00:05:15]} Qa7 {[%clk 00:12:34]}
{[%emt 00:01:52]} 24. Bxd5 {[%clk 00:06:00]} {[%emt 00:02:16]} e2 {[%clk
00:09:04]} {[%emt 00:04:00]} 25. Qb3 {[%clk 00:00:33]} {[%emt 00:05:56]} Bxd4+
{[%clk 00:09:19]} {[%emt 00:00:15]} 26. Kg2 {[%clk 00:00:34]} Bf6 {[%clk
00:09:19]} 27. Bxf7+ {[%clk 00:00:34]} Kg7 {[%clk 00:09:19]} 28. Bxe8 {[%clk
00:00:34]} Rxe8 {[%clk 00:09:19]} 29. Qc4 {[%clk 00:00:34]} Be4+ {[%clk
00:09:19]} 30. Kh3 {[%clk 00:00:34]} Qf2 {[%clk 00:09:19]} 31. Rg1 {[%clk
00:00:34]} Bf5+ {[%clk 00:09:19]} 32. g4 {[%clk 00:00:34]} Qh4+ {[%clk
00:09:19]} 33. Kg2 {[%clk 00:00:34]} Be4+ {[%clk 00:09:19]} 0-1

[Event "DEM U16w 2023"]
[Site "Willingen GER"]
[Date "2023.05.30"]
[Round "4"]
[White "Sereda, Yaroslava"]
[Black "Prinzen, Siri Marleen"]
[Result "1-0"]
[Termination "normal"]
[Board "3"]
[WhiteElo "1890"]
[BlackElo "1724"]
[PlyCount "63"]
[WhiteFideId "14178940"]
[BlackFideId "16265912"]
[EventCountry "GER"]
[EventRounds "9"]
[EventType "swiss"]
[EventDate "2023.05.27"]

1. e4 {[%emt 13:59:12]} c6 {[%emt 00:00:03]} 2. d4 {[%emt 00:00:08]} d5 {[%emt
00:00:04]} 3. exd5 {[%emt 00:00:11]} cxd5 {[%emt 00:00:06]} 4. Bd3 {[%emt
00:00:11]} Nc6 {[%emt 00:00:07]} 5. c3 {[%emt 00:00:12]} Qc7 {[%emt 00:00:07]}
6. Ne2 {[%emt 00:00:52]} Bg4 {[%emt 00:05:02]} 7. O-O {[%emt 00:00:50]} e6
{[%emt 00:04:37]} 8. Qe1 {[%emt 00:01:28]} Bd6 {[%emt 00:03:08]} 9. f3 {[%emt
00:03:12]} Bh5 {[%emt 00:09:04]} 10. Qh4 {[%emt 00:02:06]} Nf6 {[%emt
00:05:11]} 11. Bg5 {[%emt 00:06:08]} Bg6 {[%emt 00:02:57]} 12. Bxg6 {[%emt
00:02:34]} fxg6 {[%emt 00:00:10]} 13. Bxf6 {[%emt 00:02:02]} gxf6 {[%emt
00:00:08]} 14. Qxf6 {[%emt 00:01:29]} Kd7 {[%emt 00:02:43]} 15. Qh4 {[%emt
00:07:46]} Ne7 {[%emt 00:03:55]} 16. f4 {[%emt 00:06:13]} Nf5 {[%emt 00:03:49]}
17. Qh3 {[%emt 00:02:30]} h5 {[%emt 00:04:16]} 18. Nd2 {[%emt 00:08:48]} Raf8
{[%emt 00:06:09]} 19. Rac1 {[%emt 00:06:25]} Qa5 {[%emt 00:06:02]} 20. Qd3
{[%emt 00:05:27]} h4 {[%emt 00:12:31]} 21. b4 {[%emt 00:12:04]} Qc7 {[%emt
00:05:51]} 22. c4 {[%emt 00:03:35]} dxc4 {[%emt 00:02:39]} 23. Nxc4 {[%emt
00:00:57]} Qd8 {[%emt 00:02:10]} 24. Ne5+ {[%emt 00:10:06]} Bxe5 {[%emt
00:00:22]} 25. dxe5+ {[%emt 00:00:19]} Ke7 {[%emt 00:00:31]} 26. Qb5 {[%emt
00:02:13]} Qb6+ {[%emt 00:03:30]} 27. Qxb6 {[%emt 00:00:12]} axb6 {[%emt
00:00:02]} 28. Rc7+ {[%emt 00:00:55]} Kd8 {[%emt 00:00:21]} 29. Rfc1 {[%emt
00:05:00]} Ne7 {[%emt 00:01:40]} 30. Nd4 {[%emt 00:01:53]} Ke8 {[%emt
00:03:35]} 31. Nxe6 {[%emt 00:00:56]} Rfg8 {[%emt 00:00:39]} 32. Rxb7 {[%emt
00:01:11]} 1-0

[Event "DEM U16w 2023"]
[Site "Willingen GER"]
[Date "2023.05.30"]
[Round "4"]
[White "Wilmink, Anna"]
[Black "Fetahovic, Sarah"]
[Result "1-0"]
[Termination "normal"]
[Board "5"]
[WhiteElo "1734"]
[BlackElo "1423"]
[WhiteClock "00:13:24"]
[BlackClock "00:01:34"]
[PlyCount "153"]
[WhiteFideId "16273680"]
[BlackFideId "34601546"]
[EventCountry "GER"]
[EventRounds "9"]
[EventType "swiss"]
[EventDate "2023.05.27"]

1. e4 {[%clk 01:30:58]} e5 {[%clk 01:30:52]} {[%emt 00:00:08]} 2. Nf3 {[%clk
01:31:19]} {[%emt 00:00:09]} Nc6 {[%clk 01:31:09]} {[%emt 00:00:12]} 3. d4
{[%clk 01:31:43]} {[%emt 00:00:07]} exd4 {[%clk 01:31:11]} {[%emt 00:00:28]} 4.
Nxd4 {[%clk 01:32:08]} {[%emt 00:00:05]} Bc5 {[%clk 01:30:36]} {[%emt
00:01:04]} 5. Be3 {[%clk 01:32:33]} {[%emt 00:00:07]} Qf6 {[%clk 01:29:48]}
{[%emt 00:01:18]} 6. Nb5 {[%clk 01:32:55]} {[%emt 00:00:08]} Bxe3 {[%clk
01:22:49]} {[%emt 00:07:29]} 7. fxe3 {[%clk 01:33:18]} {[%emt 00:00:06]} Qe5
{[%clk 01:13:00]} {[%emt 00:10:18]} 8. Qd5 {[%clk 01:33:19]} {[%emt 00:00:30]}
Kd8 {[%clk 01:01:01]} {[%emt 00:12:29]} 9. N1c3 {[%clk 01:22:05]} {[%emt
00:11:44]} d6 {[%clk 00:37:57]} {[%emt 00:23:33]} 10. Qxf7 {[%clk 01:16:38]}
{[%emt 00:05:57]} Nge7 {[%clk 00:33:45]} {[%emt 00:04:42]} 11. O-O-O {[%clk
01:10:26]} {[%emt 00:06:42]} Be6 {[%clk 00:27:18]} {[%emt 00:06:57]} 12. Qf4
{[%clk 01:06:46]} {[%emt 00:04:10]} a6 {[%clk 00:13:01]} {[%emt 00:14:47]} 13.
Nd4 {[%clk 01:02:04]} {[%emt 00:05:12]} Kd7 {[%clk 00:09:45]} {[%emt 00:03:47]}
14. Nxe6 {[%clk 00:57:33]} {[%emt 00:05:01]} Qxe6 {[%clk 00:08:12]} {[%emt
00:02:02]} 15. Be2 {[%clk 00:55:04]} {[%emt 00:03:00]} Ne5 {[%clk 00:05:24]}
{[%emt 00:03:18]} 16. Rhf1 {[%clk 00:51:18]} {[%emt 00:04:16]} N7g6 {[%clk
00:03:41]} {[%emt 00:02:13]} 17. Qf5 {[%clk 00:49:53]} {[%emt 00:01:55]} Rhf8
{[%clk 00:03:07]} {[%emt 00:01:04]} 18. Qxe6+ {[%clk 00:49:01]} {[%emt
00:01:21]} Kxe6 {[%clk 00:03:29]} {[%emt 00:00:09]} 19. Nd5 {[%clk 00:48:36]}
{[%emt 00:00:56]} Kd7 {[%clk 00:03:33]} {[%emt 00:00:26]} 20. Nf4 {[%clk
00:47:19]} {[%emt 00:01:47]} Rae8 {[%clk 00:03:06]} {[%emt 00:00:56]} 21. Nxg6
{[%clk 00:46:19]} {[%emt 00:01:30]} Nxg6 {[%clk 00:03:17]} {[%emt 00:00:20]}
22. Bh5 {[%clk 00:39:35]} {[%emt 00:07:13]} Ke7 {[%clk 00:02:12]} {[%emt
00:01:35]} 23. Bxg6 {[%clk 00:38:18]} {[%emt 00:01:47]} hxg6 {[%clk 00:02:38]}
{[%emt 00:00:05]} 24. h4 {[%clk 00:37:04]} {[%emt 00:01:43]} Rf6 {[%clk
00:01:21]} {[%emt 00:01:47]} 25. Rf4 {[%clk 00:36:11]} {[%emt 00:01:23]} Kf7
{[%clk 00:01:25]} {[%emt 00:00:27]} 26. Rdf1 {[%clk 00:35:26]} {[%emt
00:01:15]} Rxe4 {[%clk 00:01:34]} {[%emt 00:00:21]} 27. Kd2 {[%clk 00:34:07]}
{[%emt 00:01:49]} Re5 {[%clk 00:00:42]} {[%emt 00:01:22]} 28. g4 {[%clk
00:30:36]} {[%emt 00:04:01]} Rd5+ {[%clk 00:00:41]} {[%emt 00:00:31]} 29. Ke2
{[%clk 00:30:06]} {[%emt 00:01:00]} Rb5 {[%clk 00:00:34]} {[%emt 00:00:37]} 30.
b3 {[%clk 00:29:29]} {[%emt 00:01:08]} Rc5 {[%clk 00:00:46]} {[%emt 00:00:17]}
31. c4 {[%clk 00:25:53]} {[%emt 00:04:07]} b5 {[%clk 00:00:40]} {[%emt
00:00:36]} 32. g5 {[%clk 00:25:00]} {[%emt 00:01:23]} Rff5 {[%clk 00:01:07]}
{[%emt 00:00:02]} 33. e4 {[%clk 00:24:16]} {[%emt 00:01:14]} Rxf4 {[%clk
00:01:27]} {[%emt 00:00:10]} 34. Rxf4+ {[%clk 00:24:29]} {[%emt 00:00:16]} Ke6
{[%clk 00:01:22]} {[%emt 00:00:35]} 35. cxb5 {[%clk 00:21:17]} {[%emt
00:03:43]} axb5 {[%clk 00:00:41]} {[%emt 00:01:11]} 36. Kd3 {[%clk 00:20:07]}
{[%emt 00:01:40]} Ke5 {[%clk 00:00:42]} {[%emt 00:00:30]} 37. Rf7 {[%clk
00:15:45]} {[%emt 00:04:51]} Rc1 {[%clk 00:00:36]} {[%emt 00:00:36]} 38. Rxg7
{[%clk 00:14:23]} {[%emt 00:01:53]} b4 {[%clk 00:00:37]} {[%emt 00:00:29]} 39.
Rxg6 {[%clk 00:13:32]} {[%emt 00:01:21]} Rc3+ {[%clk 00:00:54]} {[%emt
00:00:13]} 40. Kd2 {[%clk 00:12:41]} {[%emt 00:01:21]} Rh3 {[%clk 00:00:40]}
{[%emt 00:00:44]} 41. Rg7 {[%clk 00:07:38]} {[%emt 00:05:32]} c5 {[%clk
00:15:48]} {[%emt 00:15:22]} 42. Rh7 {[%clk 00:31:16]} {[%emt 00:06:53]} Kxe4
{[%clk 00:05:36]} {[%emt 00:10:42]} 43. g6 {[%clk 00:27:31]} {[%emt 00:04:15]}
Rh2+ {[%clk 00:05:19]} {[%emt 00:00:47]} 44. Ke1 {[%clk 00:26:55]} {[%emt
00:01:06]} Rxa2 {[%clk 00:04:09]} {[%emt 00:01:40]} 45. Re7+ {[%clk 00:24:46]}
{[%emt 00:02:39]} Kf5 {[%clk 00:03:11]} {[%emt 00:01:28]} 46. g7 {[%clk
00:23:46]} {[%emt 00:01:30]} Rg2 {[%clk 00:03:00]} {[%emt 00:00:41]} 47. h5
{[%clk 00:23:47]} {[%emt 00:00:29]} Kf6 {[%clk 00:01:48]} {[%emt 00:01:42]} 48.
h6 {[%clk 00:23:13]} {[%emt 00:01:04]} Kxe7 {[%clk 00:02:12]} {[%emt 00:00:06]}
49. h7 {[%clk 00:23:34]} {[%emt 00:00:09]} Rxg7 {[%clk 00:01:32]} {[%emt
00:01:09]} 50. h8=Q {[%clk 00:23:56]} {[%emt 00:00:09]} Rf7 {[%clk 00:01:47]}
{[%emt 00:00:15]} 51. Qh4+ {[%clk 00:23:47]} {[%emt 00:00:39]} Rf6 {[%clk
00:01:57]} {[%emt 00:00:21]} 52. Qh7+ {[%clk 00:23:32]} {[%emt 00:00:45]} Ke6
{[%clk 00:00:41]} {[%emt 00:01:46]} 53. Qe4+ {[%clk 00:22:35]} {[%emt
00:01:26]} Kd7 {[%clk 00:00:41]} {[%emt 00:00:30]} 54. Qb7+ {[%clk 00:22:45]}
{[%emt 00:00:20]} Kd8 {[%clk 00:00:36]} {[%emt 00:00:35]} 55. Kd2 {[%clk
00:22:24]} {[%emt 00:00:51]} Re6 {[%clk 00:00:32]} {[%emt 00:00:33]} 56. Kd3
{[%clk 00:21:32]} {[%emt 00:01:22]} Re5 {[%clk 00:00:39]} {[%emt 00:00:24]} 57.
Kc4 {[%clk 00:20:42]} {[%emt 00:01:20]} Rh5 {[%clk 00:00:32]} {[%emt 00:00:37]}
58. Qf7 {[%clk 00:19:21]} {[%emt 00:01:51]} Re5 {[%clk 00:00:37]} {[%emt
00:00:25]} 59. Kb5 {[%clk 00:18:57]} {[%emt 00:00:53]} Re7 {[%clk 00:00:41]}
{[%emt 00:00:26]} 60. Qf8+ {[%clk 00:18:55]} {[%emt 00:00:33]} Kd7 {[%clk
00:00:59]} {[%emt 00:00:12]} 61. Qa8 {[%clk 00:17:33]} {[%emt 00:01:52]} Ke6
{[%clk 00:00:36]} {[%emt 00:00:53]} 62. Kc6 {[%clk 00:17:30]} {[%emt 00:00:33]}
Ke5 {[%clk 00:00:33]} {[%emt 00:00:33]} 63. Qh8+ {[%clk 00:17:23]} {[%emt
00:00:36]} Kf5 {[%clk 00:00:32]} {[%emt 00:00:31]} 64. Qf8+ {[%clk 00:17:10]}
{[%emt 00:00:44]} Ke6 {[%clk 00:00:47]} {[%emt 00:00:15]} 65. Qh6 {[%clk
00:17:11]} {[%emt 00:00:28]} Kf7 {[%clk 00:00:53]} {[%emt 00:00:24]} 66. Qf4+
{[%clk 00:14:10]} {[%emt 00:03:32]} Kg6 {[%clk 00:00:36]} {[%emt 00:00:47]} 67.
Qxd6 {[%clk 00:14:27]} {[%emt 00:00:14]} Kf7 {[%clk 00:00:46]} {[%emt
00:00:20]} 68. Kxc5 {[%clk 00:14:23]} {[%emt 00:00:34]} Re6 {[%clk 00:00:37]}
{[%emt 00:00:38]} 69. Qd7+ {[%clk 00:14:20]} {[%emt 00:00:32]} Kf6 {[%clk
00:00:33]} {[%emt 00:00:35]} 70. Kxb4 {[%clk 00:14:31]} {[%emt 00:00:19]} Re7
{[%clk 00:00:35]} {[%emt 00:00:28]} 71. Qd4+ {[%clk 00:14:19]} {[%emt
00:00:42]} Kf7 {[%clk 00:00:53]} {[%emt 00:00:12]} 72. Ka5 {[%clk 00:14:14]}
{[%emt 00:00:36]} Ke6 {[%clk 00:00:56]} {[%emt 00:00:26]} 73. b4 {[%clk
00:13:45]} {[%emt 00:01:00]} Rd7 {[%clk 00:01:09]} {[%emt 00:00:16]} 74. Qe3+
{[%clk 00:13:46]} {[%emt 00:00:29]} Kd6 {[%clk 00:01:30]} {[%emt 00:00:09]} 75.
b5 {[%clk 00:13:44]} {[%emt 00:00:32]} Kc7 {[%clk 00:01:20]} {[%emt 00:00:40]}
76. b6+ {[%clk 00:13:10]} {[%emt 00:01:04]} Kb8 {[%clk 00:01:34]} {[%emt
00:00:15]} 77. Qe8+ {[%clk 00:13:24]} {[%emt 00:00:17]} 1-0